Oxford English for information technology
محفوظ في:
| المؤلف الرئيسي: | |
|---|---|
| التنسيق: | كتاب |
| اللغة: | Undetermined |
| منشور في: |
Oxford
Oxford University Press
2002
|
| الموضوعات: | |
| الوسوم: |
إضافة وسم
لا توجد وسوم, كن أول من يضع وسما على هذه التسجيلة!
|
| Thư viện lưu trữ: | Trung tâm Học liệu Trường Đại học Cần Thơ |
|---|
| LEADER | 00564nam a2200205Ia 4500 | ||
|---|---|---|---|
| 001 | CTU_94796 | ||
| 008 | 210402s9999 xx 000 0 und d | ||
| 020 | |c 197000 | ||
| 082 | |a 428 | ||
| 082 | |b G558 | ||
| 100 | |a Glendining, Eric H. | ||
| 245 | 0 | |a Oxford English for information technology | |
| 245 | 0 | |c Eric H. Glendining, John McEwan | |
| 260 | |a Oxford | ||
| 260 | |b Oxford University Press | ||
| 260 | |c 2002 | ||
| 650 | |a English language | ||
| 650 | |x Study and teaching | ||
| 904 | |i Năm | ||
| 980 | |a Trung tâm Học liệu Trường Đại học Cần Thơ | ||